Capital City of Province Indonesia - Statistics

General Stats
  • This quiz has been taken 84 times
  • The average score is 29 of 39
Answer Stats
Hint Answer % Correct
DKI Jakarta Jakarta
100%
West Java Bandung
96%
East Java Surabaya
96%
DI Yogyakarta Yogyakarta
96%
Bali Denpasar
94%
Bali Denpasar
94%
Central Java Semarang
92%
Bengkulu Bengkulu
88%
North Sumatra Medan
88%
Jambi Jambi
86%
West Sumatra Padang
86%
South Sumarta Palembang
86%
Banten Serang
86%
Gorontalo Gorontalo
84%
Lampung Bandar Lampung
80%
Nanggroe Aceh Darussalam Banda Aceh
78%
East Kalimantan Samarinda
76%
North Sulawesi Manado
74%
Riau Pekanbaru
72%
West Kalimantan Pontianak
72%
Central Kalimantan Palangkaraya
70%
Central Sulawesi Palu
70%
East Nusa Tenggara Kupang
68%
South Sulawesi Makasar
68%
Bangka Belitung Pangkal Pinang
68%
Riau Island Tanjung Pinang
68%
Maluku Ambon
66%
West Sulawesi Mamuju
64%
West Nusa Tenggara Mataram
64%
South East Sulawesi Kendari
62%
North Maluku Sofifi
62%
Papua Jayapura
60%
North Kalimantan Tanjung Selor
58%
South Kalimantan Banjarbaru
56%
West Papua Manokwari
56%
South Papua Merauke
54%
Central Papua Nabire
54%
Mountains Papua Jayawijaya
50%
South West Papua Sorong
50%
No matching quizzes found
Score Distribution
Percent of People with Each Score
Percentile by Number Answered
Your Score History
You have not taken this quiz